000 00208nam a22001097a 4500
100 _aBrown , Dan
245 _aThe Lost Symbol
250 _a2014
260 _bCorgi books
300 _a669
942 _2ddc
_cBK
999 _c11274
_d11274